The Simpsons - Special Guests by Picture #3 - Statistics

General Stats
  • This quiz has been taken 122 times
  • The average score is 7 of 16
Answer Stats
Picture Answer % Correct
Dolly Parton
94%
Leonard Nimoy
84%
Ron Howard
69%
Ringo Starr
58%
Lenny Kravitz
47%
Joey Ramone
46%
Bette Midler
45%
Steve Buscemi
45%
Sting
42%
Bret Hart
35%
Luke Perry
35%
Bob Newhart
21%
Ernest Borgnine
17%
Elliot Gould
15%
Stephen King
13%
Tim Conway
6%
No matching quizzes found
Score Distribution
Percent of People with Each Score
Percentile by Number Answered
Your Score History
You have not taken this quiz